00715 2200229 4500001002100000005001700021008004100038020001800079035002400097040001200121082000800133084001600141245010800157250001000265260008000275300003500355650002700390700001400417850001200431990002100443999002100464YOGYA-0411000000099120170419080952.0 ind  a979-9042-75-5 0010-041100000000991 aYOPDYOG a640 aDEP 640 Pen aPENELITIAN pemantapan pola standar Lembaga Konsultasi Kesejahteraan Keluarga (LK3)c/ Suhartono [et.al] aCet.1 aYogyakartabDepsos RI Badan Penelitian dan Pengembangan Sosial BBP3KSc1998 avi, 70 hlm.b: ilus.c; 21 cm. aKesejahteraan keluarga aSuhartono aYOPDYOG aCB-D.11/1998-113 aCB-D.11/1998-114